000 00464nam a22001577a 4500
005 20241108191800.0
008 241108b |||||||| |||| 00| 0 eng d
020 _a9788175343986
100 _aVerma Justice J.S.
245 _aThe New Universe of Human Rights
250 _a2004 Edition
260 _aNew Delhi, India
_bUniversal Publishing Co. PVT. Ltd.
_c2004
300 _axiv,377 pages
_bIncludes index
_c25 cm
650 _2Human Rights
942 _2lcc
_cBK
_n0
999 _c945
_d945